Name the Binding of Isaac Challenges - Statistics

General Stats
  • This quiz has been taken 187 times
  • The average score is 20 of 35
Answer Stats
Conditions # Challenge % Correct
All floors are the same size as chapter 4 XL 21 XXXXXXXXL
82%
16 minute time limit, everything is sped up 22 SPEED!
78%
My reflection + Ipecac 7 Suicide King
77%
Tons of health but really slow 5 The Tank
77%
Blindfolded with orbiting flies to do damage 6 Solar System
76%
Blindfolded with a couple of familiars 19 The Family Man
75%
All doors are Curse room doors and deal 1/2 heart of damage 10 Cursed!
73%
No hearts will ever drop, every curse applied constantly 34 Ultra Hard
72%
Lemon Mishap and items to make it charge faster 12 When Life Gives You Lemons
72%
Start at Mega Satan, go backwards 31 Backasswards
66%
Massive damage, massive tear delay 35 Pong
66%
No treasure rooms or starting items 20 Purist
66%
Kamikaze + Pyromaniac, but you start as ??? 23 Blue Bomber
65%
All doors cost 1 cent to go through, at 0 cents you are instantly killed 24 PAY TO PLAY
65%
Punching Bag and Isaac's Heart, defend it with Spear of Destiny and Holy Grail. 30 The Guardian
65%
Random pickups/items to sprite, every boss is the Bloat 32 Aprils Fool
60%
Rainbow everything (Rainbow tears, Rainbow baby...) 28 PRIDE DAY!
60%
Anti-Gravity + Strange Attractor 17 Waka Waka
60%
Blindfolded with 3 Bob's Brains 27 BRAINS!
58%
Missing a shot deals 1/2 heart damage, start with Chocolate Milk 29 Onan's Streak
58%
Blindfolded with The Bean to do damage 13 Beans!
54%
Guppy blindfolded with hairball to do damage 8 Cat Got Your Tongue
53%
Deck of cards and things to make it charge faster 14 It's in the Cards
50%
Soy milk + tiny planet 3 Head Trauma
49%
Eve with a bunch of devil items 4 Darkness Falls
47%
Dr. Fetus and Remote Detonator 9 Demo Man
47%
Start with Mom's knife and key pieces, beat Mega Satan 26 I RULE!
47%
Curse of darkness 1 Pitch Black
47%
Toilet themed 2 High Brow
46%
Epic Fetus and Loki's horns 11 Glass Cannon
43%
Tech 1 and 2, homing shots 16 Computer Savvy
41%
Start with 12 empty heart containers and Charm of the Vampire 25 Have a Heart
41%
Polyphemus + Cupid's Arrow + My Reflection 15 Slow Roll
41%
Friendly ball gives you charmed enemies 33 Pokey mans
37%
The Mulligan + Spider Baby 18 The Host
31%
No matching quizzes found
Score Distribution
Percent of People with Each Score
Percentile by Number Answered
Your Score History
You have not taken this quiz